Catálogo
 En Linea

La historia de las islas e indios visayas del padre Alcina 1968 / (Registro nro. 36842)

Detalles MARC
000 -CABECERA
campo de control de longitud fija 01289nam a2200265 a 4500
001 - NÚMERO DE CONTROL
campo de control 000037352
005 - FECHA Y HORA DE LA ÚLTIMA TRANSACCIÓN
campo de control 20200930080317.0
008 - DATOS DE LONGITUD FIJA--INFORMACIÓN GENERAL
campo de control de longitud fija 120328s1974 sp a 000 0 spa d
020 ## - NÚMERO INTERNACIONAL ESTÁNDAR DEL LIBRO
Número Internacional Estándar del Libro 8450010543
040 ## - FUENTE DE LA CATALOGACIÓN
Centro catalogador/agencia de origen DO-SdBNP
Lengua de catalogación spa
Centro/agencia transcriptor BNPHU
082 ## - NÚMERO DE LA CLASIFICACIÓN DECIMAL DEWEY
Número de clasificación xxx
Número de documento/Ítem M379h
100 1# - ENTRADA PRINCIPAL--NOMBRE DE PERSONA
Nombre de persona Alcina, Francisco Ignacio
Fechas asociadas al nombre 1610-1674
9 (RLIN) 63815
245 13 - MENCIÓN DE TÍTULO
Título La historia de las islas e indios visayas del padre Alcina 1968 /
Mención de responsabilidad, etc. Ma. Luisa Martín -Meras, Ma. Dolores Higueras.
260 ## - PUBLICACIÓN, DISTRIBUCIÓN, ETC.
Lugar de publicación, distribución, etc. Madrid :
Nombre del editor, distribuidor, etc. Instituto Histórico de Marina,
Fecha de publicación, distribución, etc. 1974.
300 ## - DESCRIPCIÓN FÍSICA
Extensión CXXVIII, 4 h., 258 f. con lám. :
Otras características físicas il., ;
Dimensiones 24 cm.
500 ## - NOTA GENERAL
Nota general Reproducción facsimil de la "Historia de las islas e indios visayas del Padre Alcina 1668", que se conserva en el Museo Naval de Madrid.
500 ## - NOTA GENERAL
Nota general Incluye referencias bibliográficas y notas al pie de las páginas.
504 ## - NOTA DE BIBLIOGRAFÍA, ETC.
Nota de bibliografía, etc. Bibliografía: p. 127-128
650 #4 - PUNTO DE ACCESO ADICIONAL DE MATERIA--TÉRMINO DE MATERIA
Término de materia o nombre geográfico como elemento de entrada Antropología cultural y social
Subdivisión geográfica Visayas, Islas ( Filipinas, Islas {Rpara}
Subdivisión cronológica SIGLO XVII
9 (RLIN) 63816
650 #4 - PUNTO DE ACCESO ADICIONAL DE MATERIA--TÉRMINO DE MATERIA
Término de materia o nombre geográfico como elemento de entrada Ciencias naturales
Subdivisión geográfica Visayas, Islas ( Filipinas, Islas {Rpara}
9 (RLIN) 63817
651 #4 - PUNTO DE ACCESO ADICIONAL DE MATERIA--NOMBRE GEOGRÁFICO
Nombre geográfico Visayas, Islas ( Filipinas, Islas {Rpara}
Subdivisión general Descripción Y Viajes
Subdivisión cronológica SIGLO XVII
9 (RLIN) 63818
700 12 - PUNTO DE ACCESO ADICIONAL--NOMBRE DE PERSONA
Nombre de persona aHigueras, Maria Dolores
9 (RLIN) 63819
700 12 - PUNTO DE ACCESO ADICIONAL--NOMBRE DE PERSONA
Nombre de persona Higueras, Ma. Dolores
9 (RLIN) 63820
910 ## - DATOS DE OPCIÓN DEL USUARIO (OCLC)
Datos de opción del usuario Validado. Control de calidad MFF
Existencias
Estado de retiro Estado de pérdida Restricciones de uso No para préstamo Código de colección Localización permanente Ubicación/localización actual Ubicación en estantería Fecha de adquisición Número de inventario Total de préstamos Signatura topográfica completa Código de barras Fecha visto por última vez Precio válido a partir de Tipo de ítem Koha
      Excluido de préstamo Monografías: Libros y Folletos General General En catalogación 28.03.2012 LF1   xxx M379h 37352-10 25.06.2020 25.06.2020 No se presta
        Monografías: Libros y Folletos General General Orden iniciada 28.03.2012 LF1   xxx M379h 37353-10 25.06.2020 25.06.2020 No se presta
        Monografías: Libros y Folletos General General Orden iniciada 28.03.2012 LF1   xxx M379h 37354-10 25.06.2020 25.06.2020 No se presta

Con tecnología Koha